00310nas a22001097a 4500008004100000245002600041260007600067300000900143310001800152546001400170650001600184130313t19949999bl ||||| |||| 00| 0 por d aPsiquiatria Biologica aSão Paulo:bAssociação Brasileira de Psiquiatria Biologica,c1994 av. : acuatrimestral aportugues aPSIQUIATRIA